000 00502nam a22001817a 4500
005 20230817121411.0
008 230817b |||||||| |||| 00| 0 eng d
020 _a978-0-7020-6719-8
041 _aeng
082 _a616.7
100 _aPETTY, NICOLA J AND BARNARD, KIERAN
_97940
245 _aPRINCIPLES OF MUSCULOSKELETAL TREATMENT AND MANAGEMENT: A HANDBOOK FOR THERAPISTS
250 _a3RD ED, 2018
260 _aLONDON
_bELSEVIER
_c2018
300 _a263;p
650 _aBPT
_97941
942 _cBK
999 _c8367
_d8365